Letter by letter

Guardado en:
Bibliografiske detaljer
Hovedforfatter: Maheux-Forcier, Louise
Format: Bog
Sprog:Undetermined
Udgivet: Canadá Oberon 1982
Fag:
Tags: Tilføj Tag
Ingen Tags, Vær først til at tagge denne postø!

MARC

LEADER 00000nam a2200000Ia 4500
008 170316s9999 xx 000 0 und d
040 |a cru BVZT 
090 |a 818 M-3L 
100 |a Maheux-Forcier, Louise 
245 |a Letter by letter 
260 |a Canadá 
260 |b Oberon 
260 |c 1982 
300 |a 109 páginas 
650 |a LITERATURA CANADIENSE 
999 |c 6557  |d 6557 
942 |c 15 D  |h 818 M-3L  |2 z